Strategic Marketing Alternatives for European Market
Koncepcia európskeho marketingu. Rozšírenie Európskej únie, rozšírenie európskeho trhu. Prechod od národného marketingu k európskemu marketingu. Alternatívy marketingovej stratégie pre európsky trh.
Guardado en:
| Autor principal: | |
|---|---|
| Formato: | Capítulo de libro |
| Lenguaje: | inglés |
| Materias: | |
| Etiquetas: |
Sin Etiquetas, Sea el primero en etiquetar este registro!
|
MARC
| LEADER | 00000naa$a2200000$$$4500 | ||
|---|---|---|---|
| 001 | 0143949 | ||
| 005 | 20240502083332.5 | ||
| 041 | 0 | |a eng | |
| 044 | |a PL | ||
| 245 | 1 | 0 | |a Strategic Marketing Alternatives for European Market |c Milan Oreský |
| 520 | |a Koncepcia európskeho marketingu. Rozšírenie Európskej únie, rozšírenie európskeho trhu. Prechod od národného marketingu k európskemu marketingu. Alternatívy marketingovej stratégie pre európsky trh. | ||
| 610 | 2 | 0 | |a marketing |
| 610 | 2 | 0 | |a stratégia marketingová |
| 610 | 2 | 0 | |a trh spoločný |
| 610 | 2 | 0 | |a adaptácia |
| 610 | 2 | 0 | |a Európska únia |
| 100 | 1 | |a Oreský, Milan, 1956- | |